01396nam a2200337 a 4500001001000000003000500010005001700015008004100032010001100073011001100084040000900095090001000104100004000114245016400154260004100318500006000359502009100419590004100510590004000551590004000591650003500631650005300666650004800719650004800767856007000815901000700885942001000892942000600902999001900908952013100927000115001CHAP20220329144508.0180830s2017 mx a |sm |||||||spa d a111462 a112434 cCHAP aTesis1 aGarcía de Jesús, Jorge.913541410aBiocontrol in vitro de Colletotrichum gloeosporoides (Penz.) Penz. y Sacc. agente causal de antracnosis en papayoh[En línea]cpor Jorge García de Jesús. aChapingo, Méx. :bEl autor,c2017. aPara ver el contenido del material haga clic en la liga aTesis (Ing. Agr. Fitotecnista) -- Colegio Superior Agropecuario del Estado de Guerrero aBATCH-UPDb05c20180830lUCH01h1041 aE6339RRRb05c20180830lUCH01h1041 aE6339RRRb05c20180830lUCH01h104814aAntracnosis de la papaya9611514aColletotrichum gloeosporioidesxControl.913399014aExtractos vegetales como fungicida.912963914aTrichoderma viridae como fungicida.9133373 aFinding aiduhttp://10.13.5.2/tesis/sist115001.pdfzTeclea aquí aBK cTESIS n0 c111462d111462 00104054718TESISaBCbBCd2018-08-30fTESISl0oTesisp115011-10r2019-12-31 00:00:00w2019-12-31yTESISzRecien adquirido